000
00291nam a22001457a 4500
020
_a
81-7130-904-6
082
_a
910
_b
DOT/B
100
_a
S.K.POTTEKKATT
245
_a
BALIDWEEP
260
_a
KOTTAYAM
_b
DC BOOKS
_c
2018
300
_a
215
520
_a
NOVEL
650
_a
NOVEL
942
_c
BK
999
_c
5347
_d
5347